000 00313nam a22001337a 4500
008 170606b xxu||||| |||| 00| 0 eng d
020 _a9780198277835
041 _aeng
080 _a93
100 _a18
101 _aSHH
245 _aREGIME THEORY AND INTERNATIONAL RELATIONS
_cRITTBERGER, V
942 _2udc
_cBK
999 _c16048
_d16048